Statystyki dla Imiona od postaci historycznych

Kliknij tutaj aby rozwiązać quiz!

Ogólne statystyki

  • Ten quiz został rozwiązany 94 razy
  • Średni wynik to 38 z 65

Statystyki odpowiedzi

ImięNazwisko% Poprawnych
FryderykChopin
96%
Leonardoda Vinci
96%
MikołajKopernik
91%
NapoleonBonaparte
91%
KarolWojtyła
89%
KrzysztofKolumb
88%
JózefPiłsudski
87%
MariaSkłodowska - Curie
87%
AlbertEinstein
86%
JanKochanowski
85%
JózefStalin
84%
TadeuszKościuszko
81%
Vascoda Gama
81%
AbrahamLincoln
79%
HugoKołłątaj
75%
EmiliaPlater
73%
PabloPicasso
73%
ThomasEdison
73%
IgnacyPaderewski
72%
JózefBem
72%
Ludwigvan Beethoven
72%
BenitoMussolini
71%
NikitaChruszczow
69%
JohnKennedy
68%
NikolaTesla
68%
RomanDmowski
68%
WolfgangMozart
67%
Vincentvan Gogh
66%
WincentyWitos
66%
BolesławBierut
64%
MargaretThatcher
64%
JózefBeck
62%
JerzyWaszyngton
61%
BorysJelcyn
59%
RomualdTraugutt
59%
JanDąbrowski
58%
MaoZedong
58%
WitoldPilecki
58%
WładysławSikorski
55%
CharlesDarwin
54%
Charlesde Gaulle
52%
IgnacyDaszyński
52%
LewTrocki
48%
JosephGoebbels
46%
KazimierzPułaski
44%
SaddamHussein
42%
FranklinRoosevelt
39%
RichardNixon
39%
WojciechKorfanty
39%
DwightEisenhower
36%
ErwinRommel
36%
FranciscoFranco
35%
JakubSzela
35%
JosefMengele
34%
HenryFord
33%
HermannGöring
32%
JosipTito
29%
LeonWyczółkowski
29%
NicolaeCeaușescu
27%
GrigorijRasputin
26%
MaksymilianRobespierre
22%
WoodrowWilson
22%
AlanTuring
15%
Jeanned' Arc
15%
BartłomiejDiaz
13%

Rozkład punktacji

Percentyl według liczby udzielonych odpowiedzi

Procent ludzi z każdym wynikiem

Twoja historia wyników

Nie rozwiązałeś tego quizu